Online Catalogue and eLibrary

Human Rights as International Consensus : (Record no. 510)

MARC details
000 -LEADER
fixed length control field 00498nam a22001577a 4500
005 - DATE AND TIME OF LATEST TRANSACTION
control field 20240227072737.0
008 - FIXED-LENGTH DATA ELEMENTS--GENERAL INFORMATION
fixed length control field 240227b |||||||| |||| 00| 0 eng d
020 ## - INTERNATIONAL STANDARD BOOK NUMBER
ISBN 08030030
082 ## - DDC Classification
DDC Edition Number 22
Class No. 323.4.
Item Number - Author Mark HUM.
100 ## - MAIN ENTRY--PERSONAL NAME
Personal name Samnoy, Ashild.
245 ## - TITLE STATEMENT
Title Human Rights as International Consensus :
Remainder of title The Making of the universal Declaration of Human Rights 1945-1948 /
Statement of responsibility, etc. Ashild Samnoy.
260 ## - PUBLICATION, DISTRIBUTION, ETC.
Place of publication, distribution, etc. United nations :
Name of publisher, distributor, etc. Human Rights /
Date of publication, distribution, etc. 1993.
300 ## - PHYSICAL DESCRIPTION
Extent (e.g. Volumes, Pages etc.) vii, 164 p.,
650 ## - SUBJECT ADDED ENTRY--TOPICAL TERM
Topical term or geographic name entry element Huma rights.
942 ## - Koha item type (Biblio)
Koha item type Books in Stacks (Lending)
Holdings
Lost status Damaged status Collection code Home library Current library Date acquired Full call number Accession Number Item type
    Lending WERC Library WERC Library 02/27/2024 323.4. HUM. 3178 Books in Stacks (Lending)

© WERC Library